Le Laos pour les touristes... - Statistiques

Statistiques générales
  • Ce quiz a été pris 16 fois
  • Le résultat moyen est 12 sur 20
Statistiques - réponses
Question Indice Réponses % Correct
Le suffixe internet est la
100%
Quelle est la langue officielle ? Lao
100%
Code sur les plaques minéralogiques LAO
100%
Achats à faire 2/ Sculpture religieuse de Bouddha
93%
Achats à faire 1/ Tissus en Soie
80%
Quelles sont les principaux lieux touristiques ? M Croisière sur le {Mekong}
73%
Quelle est la monnaie ? Kip
73%
La religion majoritaire est Bouddhisme
67%
Achats à faire 4/ Boisson chaude Café
67%
Quelles sont les principaux lieux touristiques ? L P Marché nocturne de {Luang Prabang}
67%
Quel est le régime du pays ? R République
67%
Achats à faire 3/ Pierre bleue Saphir
60%
Dans la capitale quel est le décalage horaire avec Paris ? (+ ou - et chiffre) ex - 10 ou + 3,5 + 5
53%
Comment se nomme la principale compagnie aérienne locale L A Lao Airlines
53%
Combien d'heures (environ) mettrez-vous pour vous y rendre ? (en chiffres) 16
47%
Quel est le climat local ? T H Tropical humide
40%
Le principal aéroport est V Vientiane
40%
Quelles sont les principaux lieux touristiques ? V V Ville de {Vang Vieng}
33%
Quelles sont les principaux lieux touristiques ? D D Ile de {Don Det}
20%
Quelles sont les principaux lieux touristiques ? K L Grotte de {Kong Lor}
13%
Aucun quiz correspondant
Distribution des résultats
% des personnes avec chaque résultat
Percentile par nombre de réponses
Votre historique - résultats
Vous n’avez pas pris ce quiz